00654 2200229 4500001002100000005001500021035002000036007000300056008004100059020002200100082001000122084001600132100002700148245011500175250001000290260003400300300002900334650002800363700001100391990001100402990001100413INLIS00000000000444720191114101424 a0010-1119000074ta191114 c 0 ind  a978-602-1579-23-7 a370.1 a370.1 WIN s0 aWINKANDA, Satria Putra1 a101 Kebiasaan Anak Pintar :bdari Bangun Tidur Hingga Menjelang Tidur /cWinkanda Satria Putra; editor, Nurhid acet.1 aYogyakarta :bKATAHATI,c2015 a233 hlm :bilus ;c23 cm 4aPENDIDIKAN. ANAK PINTAR0 aNURHID a7126 a a7126 b